Cutting edge internal auditing

Bibliographic Details
Main Author: Ridley, Jeffrey.
Corporate Author: ProQuest (Firm)
Format: Electronic eBook
Language:English
Published: Chichester, England ; Hoboken, NJ : Wiley, c2008.
Subjects:
Online Access:Click to View
LEADER 01272nam a2200349Ia 4500
001 EBC470706
003 MiAaPQ
005 20200520144314.0
006 m o d |
007 cr cn|||||||||
008 080221s2008 enka sb 001 0 eng d
010 |z  2008007632 
020 |z 9780470510391 (cloth) 
020 |z 0470510390 (cloth) 
035 |a (MiAaPQ)EBC470706 
035 |a (Au-PeEL)EBL470706 
035 |a (CaPaEBR)ebr10301190 
035 |a (CaONFJC)MIL234333 
035 |a (OCoLC)608624333 
040 |a MiAaPQ  |c MiAaPQ  |d MiAaPQ 
050 4 |a HF5668.25  |b .R527 2008 
100 1 |a Ridley, Jeffrey. 
245 1 0 |a Cutting edge internal auditing  |h [electronic resource] /  |c Jeffrey Ridley. 
260 |a Chichester, England ;  |a Hoboken, NJ :  |b Wiley,  |c c2008. 
300 |a xxxiii, 452 p. :  |b ill. 
504 |a Includes bibliographical references (p. [433]-436) and index. 
533 |a Electronic reproduction. Ann Arbor, MI : ProQuest, 2015. Available via World Wide Web. Access may be limited to ProQuest affiliated libraries. 
650 0 |a Auditing, Internal. 
650 0 |a Auditing  |x Standards. 
655 4 |a Electronic books. 
710 2 |a ProQuest (Firm) 
856 4 0 |u https://ebookcentral.proquest.com/lib/matrademy/detail.action?docID=470706  |z Click to View